History Quiz

Random History or Clickable Quiz

Historical Events: The Day Before Quiz Stats

 Plays Quiz Updated Apr 28, 2015

Challenge
Share
Tweet
Embed
Score 0/18 Timer 04:00
4 Plays Today
% Correct
Martin Luther King Jr. assassinated
88.9%
Titanic sinks
87%
D-Day
84.8%
9-11 Terrorist Attacks
84.4%
Tiananmen Square protests
81.8%
Princess Diana dies
80.9%
Munich Massacre at the '72 Olympics
79.6%
Kennedy assassination
77%
World War II Begins
74.7%
% Correct
Rwandan Genocide begins
74.6%
Archduke Franz Ferdinand assassinated
71.8%
Nixon resigns
71.2%
Berlin Wall falls
51%
Shuttle Challenger explosion
47.9%
Pearl Harbor attack
36.9%
Neil Armstrong's moon landing
36.9%
Atomic bombing of Hiroshima
36.5%
Tohoku quake and tsunami
28.7%

You're not logged in!

Compare scores with friends on all Sporcle quizzes.
OR
Log In

You Might Also Like...

Show Comments

Extras

Top Quizzes Today


Score Distribution

Your Account Isn't Verified!

In order to create a playlist on Sporcle, you need to verify the email address you used during registration. Go to your Sporcle Settings to finish the process.

Report this User

Report this user for behavior that violates our Community Guidelines.

Details: